Numbers Typing Challenge Quiz Stats

Quiz not verified by Sporcle

Also try: Typing Challenge
Challenge
Share
Tweet
Embed
Score 0/42 Timer 01:00
1 Play Today
Word Typed Word % Correct
????
100%
????
99.5%
????
99.4%
????
99.3%
????
99%
????
98.9%
????
98.7%
????
98.4%
????
98%
????
97.7%
????
97.3%
????
97%
????
96.3%
????
95.7%
????
95.1%
????
94.4%
????
93.5%
????
92.5%
????
91.6%
????
90.9%
????
87.7%
Word Typed Word % Correct
????
86.2%
????
84.4%
????
81.4%
????
78.5%
????
74.5%
????
70.7%
????
65.5%
????
61.6%
????
57.6%
????
53%
????
48.1%
????
43.4%
????
38.9%
????
34.7%
????
29.3%
????
24.9%
????
19.9%
????
15.8%
????
11.5%
????
7.2%
????
3.3%

You're not logged in!

Compare scores with friends on all Sporcle quizzes.
Sign Up with Email
OR
Log In

You Might Also Like...

Show Comments

Extras

Curator's Pick Sep 17, 2012ReportNominate
Tags:Numbers Quiz, Typing Quiz, challenge

Top Quizzes Today


Score Distribution

Your Account Isn't Verified!

In order to create a playlist on Sporcle, you need to verify the email address you used during registration. Go to your Sporcle Settings to finish the process.